000 00203 a2200097 4500
020 _a9780593523261
041 _aspa
100 _aPiper,Watty
245 _aLa pequeą Locomotora que si Pudo
942 _cBK
999 _c31826
_d31824